GP Explorer 2 - Toutes les écuries - Statistiques

Statistiques générales
  • Ce quiz a été pris 49 fois
  • Le résultat moyen est 6 sur 12
Statistiques - réponses
Hint Réponse % Correct
Écuries Marque automobile Alpine
89%
Écuries Marque de coque Rhinoshield
85%
Écuries Équipe de e-sport Gentle Mates
78%
Écuries Marque de téléphone Samsung
76%
Écuries Fast food Subway
61%
Écuries Marque automobile Cupra
54%
Écuries Radio Mouv'
50%
Écuries Plateforme de streaming Crunchyroll
35%
Écuries VPN + chaîne YouTube NordVPN Vilebrequin
35%
Écuries Jeu vidéo Overwatch 2
26%
Écuries Marque de développement de jeu vidéo Wargaming
26%
Écuries Marque automobile Racers by Alpine
22%
Aucun quiz correspondant
Distribution des résultats
% des personnes avec chaque résultat
Percentile par nombre de réponses
Votre historique - résultats
Vous n’avez pas pris ce quiz